000
00248 a2200097 4500
001
33647
100
_a
Sharma,G. S.
245
_a
Engineering mathematics ; designed for AMIE section A
260
_a
New Delhi
_b
CBS Pub
_c
2003
090
_c
22378
_d
22378
942
_a
NUST-CAE
_c
M
_c
13756
999
_c
268720
_d
268720